[Event "Open"]
[Site "Pula CRO"]
[Date "2009.07.02"]
[Round "7"]
[White "Pomaro,A"]
[Black "Tomazini,Z"]
[Result "1-0"]
[WhiteElo "2278"]
[BlackElo "2123"]
[EventDate "2009.06.27"]

1. e4 e5 2. Nf3 Nc6 3. Bb5 f5 4. d3 fxe4 5. dxe4 Nf6 6. O-O Bc5 7. Qd3 Qe7
8. Nc3 Nd4 9. Nxd4 Bxd4 10. Ne2 Bb6 11. Ng3 g6 12. Bc4 d6 13. a4 a6 14. Qb3
h5 15. a5 Ba7 16. h4 Nh7 17. Bg8 Nf6 18. Bc4 Nh7 19. Bh6 c6 20. Rfd1 Bg4
21. Rxd6 Bxf2+ 22. Kxf2 Qxd6 23. Qxb7 Rb8 24. Qf7+ Kd8 25. Ra3 Qc5+ 26. Ke1
Rxb2 27. Rd3+ Kc8 28. Bxa6+ Kb8 29. Rb3+ Rxb3 30. Qxb3+ Kc7 31. Qb7+ Kd6
32. Bd2 Ke6 33. Bb4 Qe3+ 34. Ne2 Qxe4 35. Qe7+ Kf5 36. Bd3 Qxd3 37. cxd3
Bxe2 38. Qd7+ Kf4 39. Bd2+ 1-0

[Event "Open"]
[Site "Pula CRO"]
[Date "2009.07.03"]
[Round "8"]
[White "Papp,Ga"]
[Black "Saric,Iv"]
[Result "0-1"]
[WhiteElo "2524"]
[BlackElo "2576"]
[EventDate "2009.06.27"]

1. e4 e5 2. Nf3 Nc6 3. Bb5 a6 4. Ba4 Nf6 5. O-O Bc5 6. c3 b5 7. Bb3 d6 8.
a4 Rb8 9. d4 Bb6 10. axb5 axb5 11. Na3 O-O 12. Nxb5 Bg4 13. d5 Ne7 14. Bc2
Qe8 15. c4 Nxe4 16. Bxe4 f5 17. Bd3 e4 18. Be2 exf3 19. Bxf3 Ng6 20. Bxg4
fxg4 21. Be3 Bxe3 22. fxe3 Qxe3+ 23. Kh1 Ne5 24. Re1 Qh6 25. Qb3 Rf2 26.
Qg3 Rbf8 27. Nxc7 Qd2 28. Rg1 h6 29. Ne6 R8f7 30. Qh4 R2f5 31. Qe1 Qxb2 32.
Qb1 Qxb1 33. Raxb1 g3 34. Nd4 Nd3 35. Rgd1 Nf2+ 36. Kg1 gxh2+ 37. Kxh2 Rh5+
38. Kg3 Nxd1 39. Rxd1 Rg5+ 40. Kh3 Rf2 41. g4 h5 42. gxh5 Rxh5+ 43. Kg4 Re5
44. Kg3 Rf6 45. Ne6 Kf7 46. Ra1 Kg6 47. Ra6 Re3+ 48. Kg2 Re2+ 49. Kg3 Re3+
50. Kg2 Kf5 51. Rxd6 Kg4 0-1

[Event "Open"]
[Site "Pula CRO"]
[Date "2009.07.03"]
[Round "8"]
[White "Schmidt Schaeffer,S"]
[Black "Sebenik,M"]
[Result "1-0"]
[WhiteElo "2382"]
[BlackElo "2482"]
[EventDate "2009.06.27"]

1. f4 g6 2. Nf3 Bg7 3. e3 d5 4. d4 Nh6 5. Be2 O-O 6. O-O Nd7 7. c3 c6 8. a4
a5 9. b4 Nf5 10. g4 Nd6 11. Nbd2 f6 12. Qb3 axb4 13. c4 dxc4 14. Nxc4 Kh8
15. Nxd6 exd6 16. Qxb4 Re8 17. f5 Nb6 18. Nh4 Nd5 19. Qb3 gxf5 20. gxf5 Bh6
21. Ng2 Qb6 22. Qd3 Qa6 23. Qc2 Qa7 24. Ra3 Bd7 25. Kh1 Re7 26. Bf3 Rae8
27. e4 Bxc1 28. Rxc1 Nc7 29. Qd3 d5 30. Bh5 dxe4 31. Qg3 Nd5 32. Bxe8 Rxe8
33. Rg1 Rg8 34. Qd6 b5 35. axb5 Qb7 36. Rg3 Rxg3 37. Qxg3 Bxf5 38. Nh4 Be6
39. bxc6 Qc7 40. Qa3 Ne7 41. Qa8+ Bc8 42. Qa3 Be6 43. Ng2 Bg4 44. Rc1 Kg7
45. Qg3 Qxg3 46. hxg3 e3 47. Kg1 e2 48. Kf2 Kf7 49. Ne3 Bc8 50. d5 1-0

[Event "Open"]
[Site "Pula CRO"]
[Date "2009.07.03"]
[Round "8"]
[White "Zelcic,R"]
[Black "Smith,Ax"]
[Result "1/2-1/2"]
[WhiteElo "2555"]
[BlackElo "2383"]
[EventDate "2009.06.27"]

1. e4 e5 2. Nf3 Nc6 3. Bb5 Nf6 4. O-O Nxe4 5. d4 Nd6 6. dxe5 Nxb5 7. a4
Nbd4 8. Nxd4 Nxd4 9. Qxd4 d5 10. Nc3 c6 11. Qd3 Be6 12. Ne2 Qd7 13. Qg3 g6
14. Nd4 c5 15. Nb5 a6 16. Nd6+ Bxd6 17. exd6 f6 18. Bd2 Kf7 19. Ba5 Qc6 20.
Bc7 h5 21. Rfe1 h4 22. Qf3 Rae8 23. h3 Bf5 24. c4 dxc4 25. Qxc6 bxc6 26.
Red1 Bd7 27. Rac1 Re4 28. f3 Re2 29. Rxc4 g5 30. f4 g4 31. hxg4 h3 32. gxh3
Rxh3 33. Rc3 Rhh2 34. Rg3 c4 35. Re1 Rxe1+ 36. Kxh2 Re2+ 37. Kg1 Rxb2 38.
Re3 Bxg4 39. Re7+ Kg6 40. Ba5 Rb1+ 41. Re1 Rxe1+ 42. Bxe1 Bd7 43. Kf2 Kf5
44. Ke3 c5 45. a5 Ke6 46. Bc3 f5 47. Be5 Kd5 48. Kd2 Kc6 49. Kc2 1/2-1/2

[Event "Open"]
[Site "Pula CRO"]
[Date "2009.07.03"]
[Round "8"]
[White "Biti,O"]
[Black "Drazic,S"]
[Result "0-1"]
[WhiteElo "2356"]
[BlackElo "2533"]
[EventDate "2009.06.27"]

1. e4 e6 2. d4 c5 3. c3 d5 4. exd5 exd5 5. Nf3 Nc6 6. Bb5 Bd6 7. dxc5 Bxc5
8. O-O Nge7 9. Nbd2 O-O 10. Nb3 Bb6 11. Re1 Nf5 12. Bd3 Re8 13. Rxe8+ Qxe8
14. Bf4 h6 15. Qc2 Nfe7 16. h3 a5 17. Re1 a4 18. Nbd4 Bxd4 19. cxd4 Be6 20.
Qc5 Qd8 21. Bb5 Ng6 22. Bd2 Na5 23. Bd3 Ne7 24. Bxa5 Rxa5 25. Qc3 Ra8 26.
Rc1 Qb6 27. Qc5 Qxc5 28. Rxc5 a3 29. b3 Nc6 30. Bb1 g5 31. Kf1 Kg7 32. Ke2
Kf6 33. Kd2 h5 34. Kc3 g4 35. hxg4 hxg4 36. Nh4 g3 37. fxg3 Rg8 38. b4
Rxg3+ 39. Nf3 Rxg2 40. b5 Na5 41. Nd2 b6 42. Rc7 Kg5 43. Bd3 Kf4 44. Nb3
Rxa2 45. Nxa5 bxa5 46. Ra7 Ke3 47. Rxa5 Rd2 48. Bc2 Rxd4 49. Rxa3 Rc4+ 50.
Kb2+ Kd4 51. b6 Rc8 52. b7 Rb8 53. Rb3 Kc5 54. Bd3 d4 55. Rb5+ Kc6 56. Rb4
Kc5 57. Rb5+ Kd6 58. Be4 f5 59. Bxf5 Bc4 60. Rb4 Kc5 61. Ka3 d3 62. Rb2 Kd4
63. Rb6 d2 64. Bg4 Bd5 65. Bd1 Kc3 66. Ka4 Bxb7 67. Rb3+ Kd4 68. Ka3 Ra8+
69. Kb2 Bd5 70. Rb4+ Ke3 71. Rb5 Be4 72. Rb3+ Bd3 73. Bc2 Rd8 74. Bd1 Kf2
75. Ra3 Ke1 76. Ra1 Rb8+ 77. Kc3 Rb1 78. Rxb1 Bxb1 79. Bh5 Bg6 80. Bg4 Be8
81. Bf3 Bb5 0-1

[Event "Open"]
[Site "Pula CRO"]
[Date "2009.07.03"]
[Round "8"]
[White "Zierke,O"]
[Black "Tratar,M"]
[Result "0-1"]
[WhiteElo "2306"]
[BlackElo "2488"]
[EventDate "2009.06.27"]

1. d4 d6 2. c4 e5 3. Nf3 e4 4. Ng5 f5 5. Nc3 c6 6. d5 Be7 7. Nh3 Nf6 8. e3
O-O 9. Be2 Na6 10. O-O c5 11. a3 Nd7 12. f4 exf3 13. gxf3 Nc7 14. Bd2 Ne5
15. f4 Nf7 16. Qc2 Bf6 17. Kh1 g6 18. Rg1 Kh8 19. Rg3 Qe7 20. Rag1 Bd7 21.
Bd3 Ne8 22. Nf2 Ng7 23. Rh3 Kg8 24. Ne2 a6 25. Bc3 b5 26. b3 bxc4 27. bxc4
Rab8 28. Rhg3 Rb7 29. e4 Nh6 30. e5 dxe5 31. fxe5 Bxe5 32. Re3 Nf7 33. Bxe5
Nxe5 34. Qc3 Re8 35. Nf4 Qh4 36. N2h3 Ng4 37. Rxe8+ Bxe8 38. Be2 g5 39. Ne6
Nxe6 40. dxe6 Bc6+ 41. Bf3 Qxh3 0-1

[Event "Open"]
[Site "Pula CRO"]
[Date "2009.07.03"]
[Round "8"]
[White "Jankovic,A"]
[Black "Doric,D"]
[Result "1-0"]
[WhiteElo "2540"]
[BlackElo "2468"]
[EventDate "2009.06.27"]

1. d4 d5 2. c4 dxc4 3. Nf3 a6 4. e3 b5 5. a4 Bb7 6. b3 e6 7. bxc4 bxc4 8.
Bxc4 Nf6 9. Qb3 Bxf3 10. gxf3 c5 11. Bb2 Nbd7 12. Nd2 cxd4 13. Bxd4 Bc5 14.
Bb2 O-O 15. Rg1 g6 16. Ke2 Qe7 17. Rab1 Rfd8 18. Ba1 Rab8 19. Qc2 Bb4 20.
Ne4 Nxe4 21. Qxe4 a5 22. f4 Nc5 23. Qe5 f6 24. Qxf6 Rd2+ 25. Kf3 Rxf2+ 26.
Kg4 Qxf6 27. Bxf6 Kf7 28. Be5 Rd8 29. Rbd1 Rfd2 30. Rxd2 Rxd2 31. Bb5 Rxh2
32. Rc1 h5+ 33. Kf3 Ke7 34. f5 Rh3+ 35. Kg2 Rxe3 36. Bd4 Re4 37. Bxc5+ Bxc5
38. Rxc5 exf5 39. Rc7+ Kf6 40. Ra7 Kg5 41. Rxa5 h4 42. Ra6 Kh5 43. a5 g5
44. Rb6 Re3 45. a6 Ra3 46. Be8+ Kg4 47. Rb4+ f4 48. Bd7+ Kh5 49. Ra4 1-0

[Event "Open"]
[Site "Pula CRO"]
[Date "2009.07.03"]
[Round "8"]
[White "Jovanic,O"]
[Black "Sandhu,M"]
[Result "1/2-1/2"]
[WhiteElo "2539"]
[BlackElo "2292"]
[EventDate "2009.06.27"]

1. d4 Nf6 2. Nf3 e6 3. c4 b6 4. a3 Bb7 5. Nc3 d5 6. cxd5 Nxd5 7. Qc2 c5 8.
e4 Nxc3 9. bxc3 Nd7 10. Bd3 Qc7 11. Qb1 Be7 12. O-O h6 13. Re1 O-O 14. Ra2
Rfe8 15. Rae2 Bf8 16. Qa2 Rac8 17. h3 a6 18. Be3 cxd4 19. cxd4 Qc3 20. Qb1
Bxa3 21. Ra2 Bf8 22. Bxa6 Bxa6 23. Rxa6 Ra8 24. Rxa8 Rxa8 25. e5 Qc4 26.
Qe4 Ra5 27. Rc1 Qd5 28. Qg4 Kh7 29. Qh5 Kg8 30. Qg4 Kh7 31. Ne1 Ra4 32. Nd3
Rc4 33. Ra1 Qb7 34. Nf4 b5 35. Qe2 Nb6 36. Qd1 Kg8 37. Qg4 Kh8 38. Qh5 Kg8
39. Qg4 Kh8 40. g3 Ra4 41. Rb1 Nc4 42. Qe2 Qe4 43. Rc1 Ra3 44. Ng2 Rb3 45.
Qc2 Qxc2 46. Rxc2 Rb2 47. Rxb2 Nxb2 48. Kf1 Nd3 49. Ke2 Nb4 50. Nf4 g5 51.
Nd3 Nd5 52. g4 Kg7 53. Bd2 Kg6 54. f3 Be7 55. Nf2 f5 56. exf6 Bxf6 57. Kd3
Be7 58. Ne4 Kf7 59. Nc3 Nxc3 60. Bxc3 Kg6 61. Ke4 Bd6 62. d5 exd5+ 63. Kxd5
Ba3 64. Bd2 h5 65. Be3 hxg4 66. hxg4 Be7 67. Bc1 Kf7 68. Kc6 b4 69. Kd5 Kf6
70. Bb2+ Kf7 71. Bc1 Bf8 72. Kc4 Be7 73. f4 gxf4 74. Bxf4 Kg6 75. g5 Bxg5
76. Bxg5 Kxg5 77. Kxb4 1/2-1/2

[Event "Open"]
[Site "Pula CRO"]
[Date "2009.07.03"]
[Round "8"]
[White "Pomaro,A"]
[Black "Cvitan,O"]
[Result "1/2-1/2"]
[WhiteElo "2278"]
[BlackElo "2523"]
[EventDate "2009.06.27"]

1. e4 c5 2. Nf3 d6 3. d4 cxd4 4. Nxd4 Nf6 5. Nc3 a6 6. Be2 e6 7. Be3 Qc7 8.
O-O Be7 9. f4 O-O 10. Kh1 b5 11. e5 dxe5 12. fxe5 Nfd7 13. Bf3 Bb7 14. Bf4
Rd8 15. Bxb7 Qxb7 16. Qg4 Nf8 17. Bg3 Nc6 18. Nxc6 Qxc6 1/2-1/2

[Event "Open"]
[Site "Pula CRO"]
[Date "2009.07.03"]
[Round "8"]
[White "Martinovic,Sa"]
[Black "Fucak,E"]
[Result "1-0"]
[WhiteElo "2483"]
[BlackElo "2272"]
[EventDate "2009.06.27"]

1. e4 e6 2. d4 d5 3. Nc3 Bb4 4. e5 Qd7 5. a3 Bxc3+ 6. bxc3 b6 7. Qg4 f5 8.
Qg3 Nc6 9. Nh3 Bb7 10. Nf4 O-O-O 11. h4 Qf7 12. h5 Nh6 13. Bd3 Kb8 14. Qh4
Rdg8 15. f3 Na5 16. Qf2 Qd7 17. Qe2 Nf7 18. Kf2 g5 19. hxg6 hxg6 20. Be3 g5
21. Nh5 Qd8 22. Nf6 Rxh1 23. Rxh1 Rh8 24. Qf1 Bc6 25. g3 Qf8 26. Bc1 Kb7
27. Kg2 Nc4 28. Rxh8 Qxh8 29. Qh1 Qf8 30. Qh5 g4 31. fxg4 Nfxe5 32. dxe5
Nxe5 33. Qh6 Qc5 34. gxf5 exf5 35. Bxf5 Qxc3 36. Qf4 d4+ 37. Kh3 Nf3 38.
Be4 Ng1+ 39. Kh2 Ne2 40. Bd2 Nxf4 41. Bxc3 dxc3 42. gxf4 1-0

[Event "Open"]
[Site "Pula CRO"]
[Date "2009.07.03"]
[Round "8"]
[White "Fercec,N"]
[Black "Dimitrijevic,Da"]
[Result "1-0"]
[WhiteElo "2478"]
[BlackElo "2256"]
[EventDate "2009.06.27"]

1. e4 c5 2. Nf3 Nf6 3. Nc3 d5 4. exd5 Nxd5 5. Bb5+ Bd7 6. Bxd7+ Qxd7 7. O-O
Nc6 8. Ne4 e5 9. d3 f5 10. Ned2 Bd6 11. Nc4 O-O-O 12. Re1 Rde8 13. Nxd6+
Qxd6 14. Nd2 Nb6 15. a4 Qd5 16. a5 Nd7 17. Nc4 Nf6 18. Bd2 f4 19. Rb1 g5
20. b4 g4 21. bxc5 Qxc5 22. Rb5 Qd4 23. Qb1 Re7 24. c3 1-0

[Event "Open"]
[Site "Pula CRO"]
[Date "2009.07.03"]
[Round "8"]
[White "Loncar,R"]
[Black "Medic,Milj"]
[Result "1-0"]
[WhiteElo "2435"]
[BlackElo "2244"]
[EventDate "2009.06.27"]

1. d4 Nf6 2. c4 c5 3. d5 b5 4. Qc2 e6 5. e4 bxc4 6. Bxc4 exd5 7. exd5 d6 8.
Nf3 Be7 9. O-O O-O 10. h3 Re8 11. Nc3 Nbd7 12. Bf4 Nf8 13. Rfe1 Ng6 14. Bh2
Bd7 15. Re3 Rb8 16. Rae1 Bf8 17. b3 Qa5 18. Ng5 Rxe3 19. fxe3 Re8 20. e4
Ne5 21. Rf1 h6 22. Bxe5 Rxe5 23. Nf3 Re8 24. Nd2 Qd8 25. Bd3 Qe7 26. Nc4
Bc8 27. Qf2 Ba6 28. e5 dxe5 29. d6 Qb7 30. Ne4 Nxe4 31. Bxe4 Qd7 32. Bf5
Qd8 33. Be4 Bxc4 34. bxc4 Qf6 35. Bd5 Rd8 36. Qc2 Qg5 37. Rxf7 Kh8 38. d7
Be7 39. Be6 e4 40. Qxe4 Bf6 41. Bg4 Be5 42. Rf5 Qc1+ 43. Rf1 Bh2+ 44. Kxh2
Qxf1 45. Bf3 Rg8 46. Qd5 Rd8 47. Qe6 Rxd7 48. Qxd7 Qxc4 49. Qe8+ Qg8 1-0

[Event "Open"]
[Site "Pula CRO"]
[Date "2009.07.03"]
[Round "8"]
[White "Frank,Pa"]
[Black "Brumen,D"]
[Result "0-1"]
[WhiteElo "2249"]
[BlackElo "2355"]
[EventDate "2009.06.27"]

1. Nf3 d5 2. d4 Nf6 3. g3 c6 4. Bg2 Bf5 5. O-O e6 6. c4 Nbd7 7. Nc3 h6 8.
b3 Bb4 9. Bb2 O-O 10. Ne5 Nxe5 11. dxe5 Nd7 12. cxd5 exd5 13. Qd4 Qb6 14.
Qf4 Be6 15. e4 Bxc3 16. Bxc3 d4 17. Bb2 c5 18. Rac1 Rfe8 19. Qd2 Nxe5 20.
h3 Bxh3 21. Qc2 Bxg2 22. Kxg2 d3 23. Qc3 Rad8 24. f4 d2 25. Rcd1 Rd3 26.
fxe5 Rxc3 27. Bxc3 Qc6 28. Rxd2 Qxe4+ 29. Rf3 b5 30. Rd7 b4 31. Ba1 g5 32.
Kf2 Qc2+ 33. Kg1 Qxa2 34. Rd1 Qe2 35. Rdf1 Re7 36. Rf6 Qe3+ 37. Kh2 Rd7 38.
e6 Rd2+ 39. Kh3 g4+ 40. Kxg4 Qg5+ 41. Kf3 Rd3+ 42. Ke4 Re3+ 0-1

[Event "Open"]
[Site "Pula CRO"]
[Date "2009.07.03"]
[Round "8"]
[White "Doric,N"]
[Black "Van Leent,D"]
[Result "1-0"]
[WhiteElo "2344"]
[BlackElo "2201"]
[EventDate "2009.06.27"]

1. d4 d5 2. c4 dxc4 3. Nf3 Nf6 4. e3 e6 5. Bxc4 c5 6. O-O a6 7. a4 Nc6 8.
Nc3 cxd4 9. exd4 Nb4 10. Bg5 Be7 11. Re1 O-O 12. Ne5 Nbd5 13. Qf3 Nxc3 14.
bxc3 Nd5 15. Bxe7 Nxe7 16. Bd3 Ng6 17. Qh5 Qe8 18. Re3 f5 19. Rh3 Nxe5 20.
Qxh7+ Kf7 21. dxe5 Rg8 22. Be2 Qe7 23. Bc4 Kf8 24. Rf3 Qf7 25. Rd1 Bd7 26.
Qh4 g5 27. Qh6+ Ke7 28. Qf6+ 1-0

[Event "Open"]
[Site "Pula CRO"]
[Date "2009.07.03"]
[Round "8"]
[White "Gergacz,A"]
[Black "Bebchuk,L"]
[Result "1-0"]
[WhiteElo "2323"]
[BlackElo "2145"]
[EventDate "2009.06.27"]

1. e4 e5 2. Nf3 Nf6 3. d4 Nxe4 4. Bd3 d5 5. Nxe5 Nd7 6. Nxd7 Bxd7 7. O-O
Bd6 8. c4 c6 9. Nc3 Nxc3 10. bxc3 O-O 11. cxd5 cxd5 12. Qh5 g6 13. Qxd5 Qc7
14. Bd2 Bxh2+ 15. Kh1 Rad8 16. Qg5 Bd6 17. c4 Rfe8 18. Rae1 Rxe1 19. Rxe1
Re8 20. c5 Rxe1+ 21. Bxe1 Bf8 22. f3 h6 23. Bg3 Qc8 24. Qf6 Bg7 25. Qd6 Bf8
26. Qb8 a6 27. Be4 Qxb8 28. Bxb8 Bc8 29. Bc7 Be7 30. Bb6 f5 31. Bd5+ Kf8
32. Bc4 Bf6 33. d5 Bd4 34. a4 Ke7 35. a5 Bc3 36. d6+ Ke8 37. Bd5 f4 38. c6
bxc6 39. Bxc6+ Bd7 40. Bb7 Bb4 41. Bxa6 Bxd6 42. Bb7 Bb5 43. a6 Bb8 44. a7
Bxa7 45. Bxa7 Kf7 46. Bd4 g5 47. Bd5+ Kg6 48. Be4+ Kf7 49. Bf5 Bc4 50. Be5
Bb5 51. Kg1 Bc4 52. Kf2 Bb5 53. Bc7 Bc4 54. g3 fxg3+ 55. Kxg3 Kf6 56. Be4
Be6 57. Ba5 Bd7 58. Bc3+ Kf7 59. Be5 Be6 60. Kf2 Bb3 61. Bf5 Bd5 62. Kg3
Bc6 63. Kg4 Kg8 64. Be4 Be8 65. Kf5 Bf7 66. Kf6 Be8 67. Bd6 Bh5 68. Bd5+
Kh7 69. Bf8 Be8 70. Be4+ Kg8 71. Bxh6 Bb5 72. Bd5+ Kh7 73. Bxg5 Kh8 74. Kf7
1-0

[Event "Open"]
[Site "Pula CRO"]
[Date "2009.07.03"]
[Round "8"]
[White "Schulze,U"]
[Black "Stocko,J"]
[Result "1/2-1/2"]
[WhiteElo "2315"]
[BlackElo "2100"]
[EventDate "2009.06.27"]

1. d4 Nf6 2. Nf3 d6 3. g3 Nbd7 4. Bg2 g6 5. c4 Bg7 6. Nc3 O-O 7. O-O c6 8.
h3 Qc7 9. Be3 e5 10. Rc1 h6 11. c5 dxc5 12. dxc5 Rd8 13. Nd2 Nf8 14. Qa4
Ne6 15. Nc4 Bf8 16. b4 Nd4 17. Rfd1 Be6 18. Nd6 1/2-1/2

[Event "Open"]
[Site "Pula CRO"]
[Date "2009.07.03"]
[Round "8"]
[White "Papp,T1"]
[Black "Frank,D"]
[Result "1/2-1/2"]
[WhiteElo "2313"]
[BlackElo "2122"]
[EventDate "2009.06.27"]

1. e4 e5 2. d4 exd4 3. Qxd4 Nc6 4. Qe3 Nf6 5. Nc3 Bb4 6. Bd2 Qe7 7. O-O-O
d6 8. f3 Be6 9. g4 h6 10. g5 hxg5 11. Qxg5 O-O-O 12. Nge2 d5 13. e5 Nd7 14.
Qxe7 Nxe7 15. f4 Nf5 16. Bg2 c6 17. Ng3 Rh4 18. Nf1 Rdh8 19. Ne2 Bxd2+ 20.
Rxd2 Nf8 21. Rd3 Ng6 22. Rf3 d4 23. Rf2 Bc4 24. Be4 Ne3 25. Nfg3 c5 26. Nf5
1/2-1/2

[Event "Open"]
[Site "Pula CRO"]
[Date "2009.07.03"]
[Round "8"]
[White "Medic,Mir"]
[Black "Miletic,De"]
[Result "1/2-1/2"]
[WhiteElo "2313"]
[BlackElo "2231"]
[EventDate "2009.06.27"]

1. d4 Nf6 2. c4 g6 3. Nf3 Bg7 4. g3 O-O 5. Bg2 d5 6. cxd5 Nxd5 7. O-O Nb6
8. Nc3 Nc6 9. e3 e5 10. d5 Na5 11. e4 c6 12. Bg5 f6 13. Be3 cxd5 14. Bxb6
axb6 15. Nxd5 Be6 16. h4 Nc4 17. Qe2 Bxd5 18. exd5 Nd6 19. Bh3 f5 20. Ng5
Qf6 21. Ne6 Rfc8 22. b3 Bh6 23. Bg2 e4 24. Rab1 Ra5 25. Rfd1 Qe5 26. f4 Qc3
27. Kh2 Qc2 28. Rb2 Qxe2 29. Rxe2 Bg7 30. Bf1 b5 31. Nxg7 Kxg7 32. Rb2 Kf6
33. Kg2 Rc3 34. Be2 Ra8 35. Rd4 Ra3 36. Rdd2 Ra5 37. Rd4 Ke7 38. a4 bxa4
39. bxa4 Ra3 40. Bb5 Nxb5 41. Rxb5 Ra2+ 42. Kf1 Rxb5 43. d6+ Kd7 44. axb5
Rb2 45. Rd5 b6 46. h5 Rh2 47. hxg6 hxg6 48. Kg1 Rh7 49. Rd2 Ke6 50. Rc2 Rd7
51. Kg2 Rxd6 52. Kf2 Kf6 53. Ke2 Ke6 54. Kf2 Kd7 55. Kg2 Rd5 56. Rc6 Rd2+
57. Kf1 Rd6 58. Rc3 Ke6 59. Ke2 Kd7 60. Ke3 Rd5 61. Rc6 Rd3+ 62. Kf2 Rd6
63. Rc2 Rd5 64. Rc6 Rxb5 65. Rxg6 Kc7 66. Ke3 Rd5 67. Ke2 b5 68. g4 b4 69.
gxf5 Rxf5 70. Ke3 b3 71. Rg1 b2 72. Rb1 Rb5 73. Kxe4 Kd6 1/2-1/2

[Event "Open"]
[Site "Pula CRO"]
[Date "2009.07.03"]
[Round "8"]
[White "Ruytenberg,R"]
[Black "Cela,S"]
[Result "0-1"]
[WhiteElo "2063"]
[BlackElo "2304"]
[EventDate "2009.06.27"]

1. d4 Nf6 2. c4 e6 3. Nf3 b6 4. Bf4 Bb7 5. e3 Be7 6. Nc3 O-O 7. Bd3 d5 8.
O-O Nh5 9. cxd5 Nxf4 10. exf4 exd5 11. Ne5 Nd7 12. Re1 Nf6 13. Re3 c5 14.
Rh3 h6 15. Rc1 cxd4 16. Nb5 Bc5 17. Bf5 Ne4 18. Rxh6 gxh6 19. Qh5 Kg7 20.
Ng4 Rh8 21. Ne5 Qe7 22. Bxe4 dxe4 23. Rxc5 bxc5 24. Nd6 Bc8 25. Ndxf7 Qf6
26. g4 Be6 27. Nd6 e3 28. Ne4 exf2+ 29. Kf1 Bc4+ 30. Nxc4 Qxf4 31. Ncd6
Raf8 32. Nf5+ Kh7 33. h4 Rxf5 34. gxf5 Qc1+ 35. Kxf2 Qf4+ 0-1

[Event "Open"]
[Site "Pula CRO"]
[Date "2009.07.03"]
[Round "8"]
[White "Gunis,J"]
[Black "Perhinig,R"]
[Result "1/2-1/2"]
[WhiteElo "2049"]
[BlackElo "2300"]
[EventDate "2009.06.27"]

1. e4 e6 2. d4 d5 3. Nd2 c5 4. exd5 exd5 5. Ngf3 Nf6 6. c3 Nc6 7. Be2 Be7
8. dxc5 Bxc5 9. Nb3 Be7 10. O-O O-O 11. Bg5 Bg4 12. Nfd4 Be6 13. Re1 h6 14.
Bh4 Qd7 15. Bb5 g5 16. Nxe6 fxe6 17. Bg3 a6 18. Bxc6 bxc6 19. Qe2 Ne4 20.
Qh5 Kh7 21. Re2 Bd6 22. Rxe4 dxe4 23. Rd1 e5 24. Bxe5 Qf5 25. Bd4 Be5 26.
Be3 Rad8 27. Re1 a5 28. Qe2 a4 29. Nd4 Bxd4 30. Bxd4 c5 31. Be3 Rd3 32. h3
Kg6 33. g4 Qf3 34. Bxc5 Qxe2 35. Rxe2 Rc8 36. Bd4 Rxh3 37. Rxe4 Kf7 38. b3
a3 39. Re5 Re8 40. Ra5 Re4 41. Kg2 Rd3 42. Rxa3 Rxg4+ 43. Kf1 Rd2 44. Ra6
h5 45. a4 h4 46. Rh6 Rb2 47. b4 Rxd4 48. cxd4 Rxb4 49. a5 Rxd4 50. a6 Kg7
51. Rb6 Ra4 52. Kg2 g4 53. a7 1/2-1/2

[Event "Open"]
[Site "Pula CRO"]
[Date "2009.07.03"]
[Round "8"]
[White "Zivkovic,Vj"]
[Black "Waldmann,G"]
[Result "1/2-1/2"]
[WhiteElo "2413"]
[BlackElo "2188"]
[EventDate "2009.06.27"]

1. e4 e6 2. d4 d5 3. Nc3 Bb4 4. e5 b6 5. a3 Bf8 6. Bb5+ c6 7. Ba4 a5 8.
Nce2 b5 9. Bb3 c5 10. c3 Ne7 11. h4 h5 12. Bg5 Qc7 13. Ng3 g6 14. Nf3 c4
15. Bc2 Nbc6 16. Bf6 Rg8 17. Ng5 Nf5 18. Bxf5 exf5 19. Ne2 Bh6 20. Nf4 Bxg5
21. Bxg5 Be6 22. Qf3 Qd7 23. Qg3 Qb7 24. Qf3 Qd7 25. O-O a4 26. Rae1 Ne7
27. Bxe7 Kxe7 28. Qg3 Kf8 29. Qg5 Qe7 30. Qf6 Rc8 31. Re3 Ke8 32. Rg3 Kd7
33. Re1 Rge8 34. Kh2 Rc6 35. Rge3 Kc7 36. Qxe7+ Rxe7 37. Kg3 Kd7 38. Nh3
Re8 39. Kf4 Ke7 40. Kg5 Rh8 41. Nf4 Rcc8 42. R3e2 Rc6 43. Rf1 Rcc8 44. f3
Rh7 45. Ref2 Rch8 46. Nh3 Rh6 47. Kf4 Rc8 48. Re2 Rg8 49. Nf2 Rgh8 50. Nd1
Rg8 51. Ne3 Rg7 52. Kg5 Rgh7 53. Nc2 Rh8 54. Nb4 R6h7 55. Ref2 1/2-1/2

[Event "Open"]
[Site "Pula CRO"]
[Date "2009.07.03"]
[Round "8"]
[White "Wiedner,R"]
[Black "Nester,I"]
[Result "0-1"]
[WhiteElo "2189"]
[BlackElo "2390"]
[EventDate "2009.06.27"]

1. c4 c5 2. Nf3 Nf6 3. d4 cxd4 4. Nxd4 b6 5. Nc3 Bb7 6. f3 d6 7. e4 e6 8.
Be3 Be7 9. Qd2 a6 10. Be2 Nbd7 11. O-O O-O 12. Rfd1 Qc7 13. Bf1 Rac8 14.
Rac1 Qb8 15. Qf2 Bd8 16. b3 Bc7 17. Qh4 Ne5 18. Qh3 Rfe8 19. Bf2 Ng6 20.
Nce2 d5 21. exd5 exd5 22. Ng3 dxc4 23. Bxc4 b5 24. Bf1 Bf4 25. Rb1 Nd5 26.
Re1 Bd2 27. Rxe8+ Rxe8 28. Qf5 Be3 29. Qc2 Ngf4 30. Ngf5 Nb4 31. Qc3 Bxf2+
32. Kxf2 Nbd5 33. Qc5 Nh3+ 34. gxh3 Qxh2+ 35. Bg2 Nf4 36. Ne7+ Kh8 0-1

[Event "Open"]
[Site "Pula CRO"]
[Date "2009.07.03"]
[Round "8"]
[White "Shtivelband,V"]
[Black "Plenkovic,Z"]
[Result "0-1"]
[WhiteElo "2180"]
[BlackElo "2365"]
[EventDate "2009.06.27"]

1. c4 Nf6 2. Nc3 g6 3. e4 d6 4. d4 Bg7 5. Be2 O-O 6. Bg5 Na6 7. Qd2 Qe8 8.
h4 e5 9. d5 Nc5 10. Bf3 h5 11. Nge2 a5 12. Ng3 Bd7 13. Be2 Kh7 14. f3 Ng8
15. Nb5 Bxb5 16. cxb5 f6 17. Be3 Bh6 18. Nf1 f5 19. exf5 gxf5 20. g4 hxg4
21. fxg4 fxg4 22. Rc1 Qg6 23. h5 Qf6 24. Rc4 Bxe3 25. Nxe3 Nh6 26. Nxg4
Nxg4 27. Rxg4 Qf2+ 28. Kd1 Rf4 29. Qc2+ Kh8 30. Rg6 Rd4+ 31. Kc1 Qf4+ 32.
Kb1 Rd2 33. Qc4 Qe3 34. Rhg1 Rd4 35. Qc3 Qf4 36. Qf3 Kh7 37. Rg7+ Kh8 38.
Qg2 Qe4+ 39. Qxe4 Rxe4 40. h6 Rxe2 41. Rxc7 Rh2 42. Rg6 Rf8 43. a3 a4 44.
h7 Nb3 45. Rg8+ Rxg8 46. hxg8=Q+ Kxg8 47. Rxb7 e4 0-1

[Event "Open"]
[Site "Pula CRO"]
[Date "2009.07.03"]
[Round "8"]
[White "Schachinger,M"]
[Black "Nannelli,P"]
[Result "1-0"]
[WhiteElo "2350"]
[BlackElo "2176"]
[EventDate "2009.06.27"]

1. e4 e6 2. d4 d5 3. Nc3 dxe4 4. Nxe4 Bd7 5. Nf3 Bc6 6. Bd3 Nd7 7. O-O Ngf6
8. Ng3 Be7 9. Qe2 Bxf3 10. Qxf3 c6 11. c4 O-O 12. b3 Re8 13. Bb2 Qa5 14. a3
b5 15. Bc3 Qb6 16. a4 bxc4 17. a5 Qc7 18. bxc4 Rab8 19. Rab1 Nf8 20. Rfe1
Ng6 21. Ne4 Rxb1 22. Rxb1 Rb8 23. g3 Rxb1+ 24. Bxb1 Nd7 25. h4 Ngf8 26. Bc2
Qb7 27. Qf4 f6 28. Qd2 e5 29. d5 cxd5 30. cxd5 Nc5 31. d6 Bxd6 32. Nxd6 Qc6
33. Nf5 Kf7 34. Qd8 Qe6 35. Bb4 1-0

[Event "Open"]
[Site "Pula CRO"]
[Date "2009.07.03"]
[Round "8"]
[White "Kristovic,M"]
[Black "Luca,I"]
[Result "1-0"]
[WhiteElo "2320"]
[BlackElo "2159"]
[EventDate "2009.06.27"]

1. e4 d6 2. d4 Nf6 3. Bc4 d5 4. exd5 g6 5. Nc3 Nbd7 6. Bg5 Bg7 7. Nge2 a6
8. a4 O-O 9. O-O Nb6 10. Bxf6 Nxc4 11. Bxg7 Kxg7 12. Qc1 Qd6 13. Re1 Bd7
14. a5 b6 15. axb6 cxb6 16. b3 Na5 17. Qe3 Ra7 18. Ng3 Bf5 19. Nxf5+ gxf5
20. Qg5+ Qg6 21. Qh4 Qf6 22. Qxf6+ exf6 23. Na4 Rb8 24. Re3 Rc7 25. c4 Nxc4
26. Rc3 Rd8 27. bxc4 b5 28. cxb5 Rxc3 29. Nxc3 axb5 30. Rb1 b4 31. Rxb4 Rc8
32. Rb3 Rc4 33. Kf1 1-0

[Event "Open"]
[Site "Pula CRO"]
[Date "2009.07.03"]
[Round "8"]
[White "Raguz,Dari"]
[Black "Zelic,Ml"]
[Result "1/2-1/2"]
[WhiteElo "2174"]
[BlackElo "2313"]
[EventDate "2009.06.27"]

1. e4 c5 2. Nf3 e6 3. d4 cxd4 4. Nxd4 Bc5 5. Nc3 Qb6 6. Na4 Qa5+ 7. c3 Bxd4
8. Qxd4 Nf6 9. Nc5 O-O 10. Nb3 Qc7 11. Bg5 Nc6 12. Qe3 Qe5 13. f3 d5 14.
Bf4 Qh5 15. g4 Qg6 16. e5 d4 17. Nxd4 Nd5 18. Nxc6 bxc6 19. Qd2 f6 20. Bd3
Qf7 21. c4 Nxf4 22. Qxf4 Qe7 23. O-O Bb7 24. Qe3 f5 25. c5 Rad8 26. Bc4 Bc8
27. Rad1 fxg4 1/2-1/2

[Event "Open"]
[Site "Pula CRO"]
[Date "2009.07.03"]
[Round "8"]
[White "Foldi,I2"]
[Black "Jelecevic,I"]
[Result "1/2-1/2"]
[WhiteElo "2296"]
[BlackElo "2123"]
[EventDate "2009.06.27"]

1. e4 c5 2. Nf3 Nc6 3. d4 cxd4 4. Nxd4 Nf6 5. Nc3 d6 6. Be2 e5 7. Nf3 h6 8.
O-O Be7 9. Re1 O-O 10. h3 Be6 11. Bf1 Re8 12. Nd5 Bxd5 13. exd5 Nb4 14. c4
a5 15. a3 Na6 16. Rb1 Bf8 17. b4 axb4 18. axb4 Nc7 19. b5 Nd7 20. Qc2 g6
21. h4 Nf6 22. g3 Qc8 23. Re2 Bg7 24. Bb2 Qg4 25. Nh2 Qd7 26. Rbe1 Nh5 27.
Bg2 f5 28. c5 Nxb5 29. c6 bxc6 30. dxc6 Qe6 31. Bf1 Nc7 32. Nf3 Kh7 33. Bh3
Qf7 34. Nd2 Nf6 35. Nc4 Red8 36. Bxe5 dxe5 37. Nxe5 Qd5 38. h5 Ne4 39.
hxg6+ Kg8 40. Nf7 Rf8 41. Qc1 Ng5 42. Nxg5 hxg5 43. Qxg5 Rfe8 44. Rxe8+
Rxe8 45. Rxe8+ Nxe8 46. Qe7 Qxc6 47. Bxf5 Nf6 48. Qe6+ Qxe6 49. Bxe6+ Kf8
50. f4 Nh5 51. Kg2 Nxg3 52. Kxg3 Bf6 53. f5 Kg7 1/2-1/2